Využitie inteligentného meracieho systému pre riadenie osvetľovacích sústav verejného osvetlenia
Saved in:
| Main Author: | |
|---|---|
| Other Authors: | |
| Format: | Manuscript Book |
| Language: | Slovak |
| Published: |
Bratislava : STU v Bratislave FEI, 2020
|
| Subjects: | |
| Online Access: | https://opac.crzp.sk/?fn=detailBiblioForm&sid=23A5A917B76C11E745ADEB80CF65&seo=CRZP-detail-kniha |
| Tags: |
No Tags, Be the first to tag this record!
|
MARC
| LEADER | 00000ntm a22000003a 4500 | ||
|---|---|---|---|
| 001 | stuzp78380 | ||
| 003 | SK-STU | ||
| 005 | 20200731104132.5 | ||
| 007 | ta | ||
| 008 | 150427s2015----xo-----f-mn---000-0-slo-d | ||
| 040 | |a STU |b slo | ||
| 041 | 0 | |a slo | |
| 044 | |a xo | ||
| 100 | 1 | |a Hatvany, Dominik |u 032000 |4 aut |U FEI Fakulta elektrotechniky a informatiky |T FEI Ústav elektroenergetiky a aplikovanej elektrotechniky |X 72534 |U E020 |Y 548 |7 72534 | |
| 242 | 0 | 1 | |a Using smart metering systems to control public lighting systems |y eng |
| 245 | 1 | 0 | |a Využitie inteligentného meracieho systému pre riadenie osvetľovacích sústav verejného osvetlenia |
| 260 | |c Bratislava : |c STU v Bratislave FEI, |c 2020 | ||
| 300 | |a 100 s. | ||
| 650 | 4 | |a riadenie verejného osvetlenia |2 slo | |
| 650 | 4 | |a inteligentný merací systém |2 slo | |
| 650 | 4 | |a verejné osvetlenie |2 slo | |
| 650 | 4 | |a inteligentný elektromer |2 slo | |
| 650 | 4 | |a smart metering |2 eng | |
| 650 | 4 | |a public lighting |2 eng | |
| 650 | 4 | |a smart meter |2 eng | |
| 650 | 4 | |a regulation of street lighting |2 eng | |
| 700 | 1 | |a Dubnička, Roman |u 032000 |k Z2 |4 ths |U FEI Fakulta elektrotechniky a informatiky |T FEI Ústav elektroenergetiky a aplikovanej elektrotechniky |X 53309 |U E020 |Y 548 |7 A000053309 | |
| 856 | 4 | |u https://opac.crzp.sk/?fn=detailBiblioForm&sid=23A5A917B76C11E745ADEB80CF65&seo=CRZP-detail-kniha | |